Players on the cover of The Show since 2015 - Statistics

General Stats
  • This quiz has been taken 11 times
  • The average score is 8 of 9
Answer Stats
Hint Answer % Correct
The Show 20 Javier Baez
100%
The Show 22 Shohei Ohtani
100%
The Show 24 Vladimir Guerrero Jr
100%
The Show 18 Aaron Judge
89%
The Show 19 Bryce Harper
89%
The Show 21 Fernando Tatis Jr
89%
The Show 23 Jazz Chisholm Jr
89%
The Show 16 Josh Donaldson
89%
The Show 17 Ken Griffey Jr
56%
No matching quizzes found
Score Distribution
Percent of People with Each Score
Percentile by Number Answered
Your Score History
You have not taken this quiz